000 00738nam a2200193 a 4500
003 0
005 20250227135856.0
008 100824s19uu xx 00 eng d
050 _aPGS QR 89.2
_b.Ah286 2010
100 _aAhmed, Sharmila Belarmino.
245 _aThe effects of Rhizobium on the growth of Vigna radiata /
_cSharmila Belarmino Ahmed.
260 _aLas PiƱas City, Philippines :
_bSouthville International School and Colleges,
_c2010.
300 _a12 pages :
_billustrations ;
_c28 cm.
504 _aIncludes bibliographical references.
650 _aRhizobium
_vEffect on plants.
650 _aNitrogen-fixing bacteria
_vAgricultural applications.
650 _aVigna radiata
_vGrowth & development.
942 _2lcc
_cPASS
999 _c98373
_d98373